Revista Universitaria : (Record no. 21905)

000 -CABECERA
fixed length control field 01885nam a22003137a 4500
003 - IDENTIFICADOR DEL NÚMERO DE CONTROL
control field AR-CdUCM
008 - DATOS DE LONGITUD FIJA--INFORMACIÓN GENERAL
fixed length control field 190425b ||||| |||| 00| 0 spa d
040 ## - FUENTE DE LA CATALOGACIÓN
Agencia/entidad que catalogó originalmente la obra MUNICIPALIDAD PROVINCIAL DEL CUSCO
Entidad que transcribió la catalogación BIBLIOTECA MUNICIPAL DEL CUSCO
082 ## - NÚMERO DE LA CLASIFICACIÓN DECIMAL DEWEY
No. de Clasificación Rev.Univ/N°141/2012
110 ## - ENTRADA PRINCIPAL--NOMBRE DE ENTIDAD CORPORATIVA
Nombre de la institución, jurisdicción como entrada principal Universidad Nacional de San Antonio Abad del Cusco
9 (RLIN) 15942
245 ## - MENCIÓN DE TÍTULO
Título Revista Universitaria :
Resto del título Órgano de la Universidad del Cuzco /
260 ## - PUBLICACIÓN, DISTRIBUCIÓN, ETC.
Lugar de publicación, distribución, etc. Cusco :
Nombre de la editorial, distribuidor, etc. Universitaria,
Fecha de publicación, distribución, etc. 2012.
300 ## - DESCRIPCIÓN FÍSICA
Nº de Páginas Extensión 348 páginas. :
Otros detalles físicos ilustraciones en color ;
Dimensiones 29 cm.
440 ## - MENCIÓN DE SERIE/PUNTO DE ACCESO ADICIONAL--TÍTULO
Título Revista Universitaria
Número de la parte/sección de una obra Año 2013, N°141.
9 (RLIN) 46772
505 ## - NOTA DE CONTENIDO CON FORMATO
Nota de contenido formateada Contenido: El Inca Garcilaso de la Vega. José Gabriel Cosio Medina. -- El Inca Garcilaso de la Vega. Alfredo Yépez Miranda. -- Garcilaso, el cuzqueño. Julio Gutiérrez Loaiza. -- Garcilaso de la Vega. Fortunato L. Herrera. -- El dialogo posible entre el inca Garcilaso de la Vega y Felipe Guamán Poma de Ayala. Enrique Rozas Paravicino -- Releyendo al Inca Garcilaso. -- Antecedentes del indigenismo reforma universitaria y escuela cusqueña. -- Flora xerofítica de la cuenca de Apurímac Limatambo Curahuasi. -- Vocalizaciones típicas de aves silvestres en el valle sur del Cusco. -- Piedras nieve y agua en el santuario de Qoyllur Rit´i. -- Eulogio Nishiyama fotógrafo del Cusco...
650 ## - PUNTO DE ACCESO ADICIONAL DE MATERIA--TÉRMINO DE MATERIA
Descriptor Botánica cusqueña
9 (RLIN) 45807
650 ## - PUNTO DE ACCESO ADICIONAL DE MATERIA--TÉRMINO DE MATERIA
Descriptor Folklore cusqueño
9 (RLIN) 8693
650 ## - PUNTO DE ACCESO ADICIONAL DE MATERIA--TÉRMINO DE MATERIA
Descriptor Inca Garcilaso de la Vega
9 (RLIN) 300
700 ## - PUNTO DE ACCESO ADICIONAL--NOMBRE DE PERSONA
Nombre Personal Rosas Paravicino, Enrique
9 (RLIN) 417
700 ## - PUNTO DE ACCESO ADICIONAL--NOMBRE DE PERSONA
Nombre Personal Pantoja Palomino, Mario
9 (RLIN) 46773
700 ## - PUNTO DE ACCESO ADICIONAL--NOMBRE DE PERSONA
Nombre Personal Cáceres Chalco, Efraín
9 (RLIN) 46774
700 ## - PUNTO DE ACCESO ADICIONAL--NOMBRE DE PERSONA
Nombre Personal Paredes Pando, Oscar
9 (RLIN) 14521
700 ## - PUNTO DE ACCESO ADICIONAL--NOMBRE DE PERSONA
Nombre Personal Cosio Cuentas, Pompeyo
9 (RLIN) 46775
700 ## - PUNTO DE ACCESO ADICIONAL--NOMBRE DE PERSONA
Nombre Personal Tupayachi Herrera, Alfredo
9 (RLIN) 20659
710 ## - PUNTO DE ACCESO ADICIONAL--NOMBRE DE ENTIDAD CORPORATIVA
Nombre corporativo (En letras Mayúsculas) Universidad Nacional de San Antonio Abad del Cusco
9 (RLIN) 15942
942 ## - ELEMENTOS DE PUNTO DE ACCESO ADICIONAL (KOHA)
Fuente de clasificación
Tipo de item Revistas cusqueñas
945 ## - PROCESAMIENTO DE INFORMACIÓN LOCAL (OCLC)
Catalogador rac
Holdings
Estado de retiro (separado) Fuente de clasificación o esquema de estanterías Estado dañado Ubicación Sala donde se ubica Nombre de la colección Fecha de adquisición o compra Costo, precio normal en soles Signatura topográfica Código de Barras Última vez visto (Koha) Tipo de ítem (Koha)
No     Sala Hemeroteca Sala Hemeroteca Book Cart 2021-10-11 10.00 Rev.Univ/N°141/2012 REVC000441 2021-10-11 Revistas cusqueñas

Powered by Koha